000 00409nam a2200169Ia 4500
005 20250423095619.0
008 250422s9999 xx 000 0 und d
020 _a9788121921978
050 _aPE 1112.3 .W74/
100 _awren & martin
245 0 _aHigh school english grammar & composition
260 _aNew Delhi
260 _bS.Chand & Company
260 _c2011
300 _a418 p
942 _cBK
999 _c30803
_d30803